<?xml version="1.0" encoding="UTF-8"?>
<collection xmlns:xsi="http://www.w3.org/2001/XMLSchema-instance" xsi:schemaLocation="http://www.loc.gov/MARC21/slim http://www.loc.gov/standards/marcxml/schema/MARC21slim.xsd" xmlns="http://www.loc.gov/MARC21/slim">
 <record>
  <leader>00000nam a22000004a 4500</leader>
  <controlfield tag="001">UP-1685675941131481111</controlfield>
  <controlfield tag="003">Buklod</controlfield>
  <controlfield tag="005">20231103165546.0</controlfield>
  <controlfield tag="006">m    |o  d |      </controlfield>
  <controlfield tag="007">ta</controlfield>
  <controlfield tag="008">231103s2022    enka    r   b 0|1 u|eng  </controlfield>
  <datafield tag="020" ind1=" " ind2=" ">
   <subfield code="a">9780367774493 (hbk)</subfield>
  </datafield>
  <datafield tag="037" ind1=" " ind2=" ">
   <subfield code="a">BC-73981</subfield>
   <subfield code="b">New Century Books &amp; General Merchandise</subfield>
   <subfield code="c">Php 5,035.50</subfield>
   <subfield code="n">Department of Biology</subfield>
  </datafield>
  <datafield tag="040" ind1=" " ind2=" ">
   <subfield code="a">OCLC</subfield>
   <subfield code="d">BAG</subfield>
   <subfield code="e">rda</subfield>
  </datafield>
  <datafield tag="041" ind1="0" ind2=" ">
   <subfield code="a">eng</subfield>
  </datafield>
  <datafield tag="090" ind1=" " ind2="0">
   <subfield code="a">HV 553</subfield>
   <subfield code="b">E58 2022</subfield>
  </datafield>
  <datafield tag="245" ind1="0" ind2="0">
   <subfield code="a">Environmental hazards and resilience</subfield>
   <subfield code="b">theory and evidence</subfield>
   <subfield code="c">edited by Dennis J. Parker and Edmund C. Penning-Roswell.</subfield>
  </datafield>
  <datafield tag="264" ind1=" " ind2="1">
   <subfield code="a">Abingdon, Oxon, [England]</subfield>
   <subfield code="b">Routledge</subfield>
   <subfield code="c">2022.</subfield>
  </datafield>
  <datafield tag="300" ind1=" " ind2=" ">
   <subfield code="a">x, 235 pages</subfield>
   <subfield code="b">illustrations</subfield>
   <subfield code="c">26 cm</subfield>
  </datafield>
  <datafield tag="336" ind1=" " ind2=" ">
   <subfield code="a">text</subfield>
   <subfield code="2">rdacontent</subfield>
  </datafield>
  <datafield tag="337" ind1=" " ind2=" ">
   <subfield code="a">unmediated</subfield>
   <subfield code="2">rdamedia</subfield>
  </datafield>
  <datafield tag="338" ind1=" " ind2=" ">
   <subfield code="a">volume</subfield>
   <subfield code="2">rdacarrier</subfield>
  </datafield>
  <datafield tag="504" ind1=" " ind2=" ">
   <subfield code="a">Includes bibliographical references and index.</subfield>
  </datafield>
  <datafield tag="520" ind1=" " ind2=" ">
   <subfield code="a">Building resilience to the world's increasingly damaging environmental hazards has become a priority. This book considers the scientific advances which have been made around the world to enhance this resilience. Although resilience is not new, it is through the idea of resilience that governments, organisations, and communities around the world are now seeking to address the rapidly increasing losses that environmental hazards cause so that fewer lives are lost, and damage is reduced. Alternative ideas and approaches have been helpful in reducing loss, but resilience offers a fresh and potentially effective means of reducing it further. Adopting a scientific approach and scientific evidence is important in applying the resilience idea in hazard mitigation. However, the science of resilience is at an immature stage of development with much discussion about the concept and how it should be understood and interpreted. Building useful theories remains a challenge although some of the building blocks of theory have been developed. More attention has been given to developing indicators and frameworks of resilience which are subsequently applied to measure resilience to hazards such as flooding, earthquake, and climate change. Environmental Hazards and Resilience: Theory and Evidence considers the scientific and theoretical challenges of making progress in applying resilience to environmental hazard mitigation and provides examples from around the world - including the USA, New Zealand, China, Bangladesh and elsewhere. The chapters in this book were originally published in the Environmental Hazards.</subfield>
  </datafield>
  <datafield tag="650" ind1=" " ind2="0">
   <subfield code="a">Hazard mitigation.     </subfield>
  </datafield>
  <datafield tag="650" ind1=" " ind2="0">
   <subfield code="a">Natural disasters.</subfield>
  </datafield>
  <datafield tag="650" ind1=" " ind2="0">
   <subfield code="a">Emergency management.</subfield>
  </datafield>
  <datafield tag="700" ind1="0" ind2=" ">
   <subfield code="a">Parker, Dennis J.</subfield>
   <subfield code="e">editor.</subfield>
  </datafield>
  <datafield tag="700" ind1="0" ind2=" ">
   <subfield code="a">Penning-Rowsell, Edmund C.</subfield>
   <subfield code="q">(Edmund Charles)</subfield>
   <subfield code="d">1946- </subfield>
   <subfield code="e">editor.</subfield>
  </datafield>
  <datafield tag="905" ind1=" " ind2=" ">
   <subfield code="a">FO</subfield>
  </datafield>
  <datafield tag="852" ind1="0" ind2=" ">
   <subfield code="a">UPBAG</subfield>
   <subfield code="b">UPBAG-MAIN</subfield>
   <subfield code="h">HV 553</subfield>
   <subfield code="i">E58 2022</subfield>
  </datafield>
  <datafield tag="942" ind1=" " ind2=" ">
   <subfield code="a">Book</subfield>
  </datafield>
 </record>
</collection>
